=LDR 00000nam 2200000 4500 =001 INLIS000000000046441 =005 20201217090936 =035 ##$$a 0010-031500000000213 =008 201217################g##########0#ind## =020 ##$$a 978-602-8140-06-5 =082 ##$$a 2x5.1-Sur-i =100 ##$$a Suryana, A.Toto =245 1#$$a Islam orde baru : $b Pola pikir, perilaku dan amal /$c Drs. A. Toto Suryana Af. M. Pd. =260 ##$$a Bandung :$b Mughni Sejahtera,$c 2008 =300 ##$$a vii,144 hlm ; $c 24 x 15 cm. =850 ##$$aNBPNMAT =084 ##$$a 2x5.1-Sur-i SUR i =250 ##$$a cet. 1 =650 #4$$a Akhlak Islam =990 ##$$a 2.583/hd-2011